[Event "JPN-ch"]
[Site "Tokyo"]
[Date "2018.04.30"]
[Round "4"]
[White "Kojima, Natsumi"]
[Black "Tanaka, Hiroto"]
[Result "1-0"]
[WhiteElo "1635"]
[BlackElo "1758"]
[PlyCount "73"]
[EventDate "2018.04.29"]
[EventType "swiss"]
[EventRounds "11"]
[EventCountry "JPN"]
[SourceTitle "CBM 184 Extra"]
[Source "ChessBase"]
[SourceDate "2018.06.28"]
[SourceVersion "1"]
[SourceVersionDate "2018.06.28"]
[SourceQuality "1"]

1. e4 g6 2. d4 Bg7 3. Nc3 d6 4. g3 Nf6 5. Bg2 0-0 6. Nge2 e5 7. 0-0 Nc6 8. d5 Ne7 9. Nb1 Ne8 10. c4 f5 11. Nbc3 Nf6 12. b4 fxe4 13. Nxe4 Nxe4 14. Bxe4 Bf5 15. Nc3 Bh3 16. Re1 Nf5 17. Bg2 Bxg2 18. Kxg2 e4 19. Nxe4 Bxa1 20. Bg5 Bf6 21. Nxf6+ Rxf6 22. Re6 Ng7 23. Bxf6 Qf8 24. Bxg7 Qxg7 25. Qd2 Rf8 26. c5 Qf7 27. cxd6 c6 28. Re7 Qf3+ 29. Kg1 Qf6 30. dxc6 bxc6 31. Rxa7 Qa1+ 32. Kg2 Qe5 33. Re7 Qf6 34. Qf4 Qb2 35. Qc4+ Kh8 36. Rf7 Re8 37. d7 1-0